00281nam a2200097Ia 4500008004100000100002000041245005300061260004300114300000800157650001800165191201s2005 xx 000 0 und d aSHARMA, Robin S 0aFamily Wisdom from the Monk Who Sold His Ferrari aN.DelhibJaico Publication Housec2005 a198 aGeneral Books